| 000 | 00358nam a2200133Ia 4500 | ||
|---|---|---|---|
| 008 | 240624s9999 xx 000 0 und d | ||
| 041 | _aeng | ||
| 082 | _a658.1552 IYE | ||
| 100 | _aIYER S S | ||
| 245 | _aVALUE ENGINEERING A HOW TO MANUAL | ||
| 250 | _a(2 ed.) | ||
| 260 |
_c2000 _aNew Delhi _bNew Age International Pub. |
||
| 300 | _axiii, : 267 : p. : cm. ; 22 | ||
| 999 |
_c5219 _d5219 |
||